| 000 | 00877cam a2200289 4500 | ||
|---|---|---|---|
| 001 | ABS67049 | ||
| 008 | 030910n2003 000 0 eng u | ||
| 035 | _a(Sirsi) u123545 | ||
| 245 | _aFocus 2003: Isle of Man and the Channel Islands | ||
| 260 | _c2003 | ||
| 490 |
_aEstates Gazette _v(0333) 16 August 2003, 33-41(7) |
||
| 590 | _aABS | ||
| 650 | _aISLE OF MAN | ||
| 650 | _aCHANNEL ISLANDS | ||
| 650 | _aGUERNSEY | ||
| 650 | _aJERSEY | ||
| 650 | _aPROPERTY-COMMERCIAL PROPERTY-OFFICE PROPERTY-OFFICE PROPERTY MARKET | ||
| 650 | _aOFFICE RENTS | ||
| 650 | _aRETAIL RENTS | ||
| 650 | _aPROPERTY-COMMERCIAL PROPERTY-RETAIL PROPERTY-RETAIL PROPERTY MARKET | ||
| 650 | _aDIVERSIFICATION | ||
| 650 | _aCORPORATE TAX | ||
| 650 | _aINCOME TAX | ||
| 650 | _aOFFICE OCCUPIERS | ||
| 690 | _aPROPERTY-COMMERCIAL PROPERTY-COMMERCIAL PROPERTY MARKET | ||
| 942 | _n0 | ||
| 999 |
_c73380 _d73380 |
||